Loading...

Dalit and Tribal Leadership in Panchayats /

Bibliographic Details
Other Authors: Tyagi,, Amarendra
Format: Printed Book
Language:English
Published: New Delhi: Mohit, 2012.
Edition:1
Subjects:
LEADER 00729cam a2200253ua 4500
008 130213t2012||||||||||| 00 ||eng c
020 |a 978-81-7445-621-2 
041 0 |a eng 
082 |a 305.568 8  |b TYA 
245 1 0 |a Dalit and Tribal Leadership in Panchayats /  
250 |a 1 
260 |a New Delhi:  |b Mohit,  |c 2012. 
300 |a 264. 
362 1 |a 2012. 
365 |a Rs.950/- 
650 |a Social Groups 
650 0 |a Ethnic Groups 
650 0 |a Dalit Politics 
650 0 |a Panchayatiraj 
650 0 |a India-Social Problems 
700 0 2 |a Tyagi,, Amarendra 
942 |c BK 
999 |c 28404  |d 28404 
952 |0 0  |1 0  |4 0  |6 305_568000000000000_8_TY  |7 0  |9 30192  |a KUCL  |b KUCL  |d 2014-05-23  |l 0  |o 305.568 8 TY  |p 30370  |r 2014-05-23  |w 2014-05-23  |y BK